000 00425 a2200109 4500
001 ART_10703
005 20260410161831.0
008 260409a
245 1 0 _aEnseñanza de la economía en Argentina. Bosquejo histórico desde una perspectiva centrada en la Universidad Nacional de Córdoba
100 1 _aColomé, Rinaldo A.
773 0 _tActualidad Económica
_g- Año XV, Nº 57 (jul./dic. 2005)
_wREV5083
999 _c23211
_d23211